000 00923nas a2200289 4500
001 BR0000584
003 BR-BrBNA
005 20231205101702.0
007 ta
008 230509b bl.|||p| |||| 00| 00por d
040 _aBR-BrBNA
_bpor
_cBiblioteca Nacional de Agricultura
041 _a(Pt)
072 _aL72
100 1 _aKohn, A.
100 1 _aFernandes, B.M.M.
100 1 _aPipolo, H.V.
100 1 _aGodoy, M.P. de
245 1 _aHelmintos parasitos de peixes das usinas hidreletricas da Eletrosul (Brasil); 2: reservatorios de Salto Osorio e de Salto Santiago, Bacia do Rio Iguacu
650 _aPeixe
650 _aTransmissao de Doenca
650 _aNematoide
650 _aHelminto
650 _aPARANÁ
773 0 _tMemorias do Instituto Oswaldo Cruz (Brazil)
_xISSN 0074-0276
_g(Jul-Sep 1988), v. 83(3) p. 299-303
_wBR0000584
909 _a202311
_bLúcia
_c55
_dLúcia Elande
942 _2AGRIS
_n0
_cANA
999 _c163263
_d163263